00984nam a22002297a 4500999001500000003000900015008004100024040007100065082001800136100002500154245005000179260007600229300005400305505017900359650001400538650003000552650002800582650002100610942001600631945000900647952009800656 c4164d4164AR-CdUCM190308b ||||| |||| 00| 0 spa d aMUNICIPALIDAD PROVINCIAL DEL CUSCOcBIBLIOTECA MUNICIPAL DEL CUSCO a750.85 /bT73 aTorres Bohl, José, aApuntes sobre José Sabogal :bvida y obra / aLima :bFondo Editorial del Banco Central de Reserva del Perú,c1989. a154 páginas ;bIlustraciones en color,c24 cm. aLa exposición Brandes -- La formación de una tradición -- La Década del 30 y el Auge del movimiento Indigenista -- La Oposición se organiza contra el indigenismo... aArte9561 aArtista Cusqueño913200 aArte Indigenista913201 aRetratos 913202 2ddccLIBROS admma 002ddc4070aSAbSAcCARTd2019-03-08g50.00o750.85 / T73pSA0000000152r2019-03-08yLIBROS